| 000 | 00790nam a2200229Ii 4500 | ||
|---|---|---|---|
| 003 | JO-AjNU | ||
| 008 | 230605s9999||||xx |||||||||||||| ||und|| | ||
| 017 | _a2015/11/5551 | ||
| 020 | _a978-9957-568-99-3 | ||
| 040 |
_aJO-AjNU _bara _erda _cJO-AjNU |
||
| 041 | _aara | ||
| 050 | 1 | 4 | _aPJ7846.A79.K4 2016 |
| 100 | 3 |
_aمراشدة، عبد الرحيم, _eauthor _958874 |
|
| 245 | 0 | 0 | _aكتاب الأشياء التفاصيل والأحوال: نصوص كونية |
| 250 | _aط1 | ||
| 264 | 3 | 1 | _aعمان: دار البيروني للنشر والتوزيع، 2016 |
| 300 | _a140ص | ||
| 336 |
_atext _btxt _2rdacontent |
||
| 337 |
_aunmediated _bn _2rdamedia |
||
| 338 |
_avolume _bnc _2rdacarrier |
||
| 650 | 4 |
_aالشعر العربي-العصر الحديث-ادب عربي _958875 |
|
| 999 |
_aA26465 _c30033 _d30033 |
||